| 000 | 00605nam a2200241Ia 4500 | ||
|---|---|---|---|
| 003 | AR-RoIUNI | ||
| 005 | 20241122062612.0 | ||
| 008 | 150616s9999 xx 000 0 und d | ||
| 040 | _cIUNIR | ||
| 040 |
_dOCLC _cIUNIR |
||
| 080 | _a618 | ||
| 100 | 1 |
_aPomares, Domingo _947 _eDr. |
|
| 245 | _aManual de ginecología práctica | ||
| 250 | _a2a. ed. | ||
| 260 | _aCorrientes | ||
| 260 | _bClínica ginecológica (Cátedra II). Facultad de medicina (UNNE) | ||
| 260 | _c200- | ||
| 300 | _a232 p. | ||
| 300 | _c29 cm. | ||
| 650 | 1 | 0 |
_aMedicina _958 |
| 650 | 1 | 4 |
_aGinecología _9100 |
| 942 |
_cBK _2cdu |
||
| 999 |
_c1211 _d1211 |
||